000 00738nam a22002417a 4500
003 UA-OsUOA
001 29929
007 ta
008 20041101b un ||||| |||| 00| 0 ukr d
100 _aСтроева М.
090 _a792:929
_bС86
942 _cBK
040 _aUA-OsUOA
_brus
_cUA-OsUOA
_dUA-OsUOA
245 _aЧехов и Художественный театр. Робота К. С. Станиславского и Вл. И. Немировича-Данченко над пьесами А. П. Чехова
300 _a314 с.
_bІлюстрації
955 _a0
041 _arus
080 _a792:929
260 _aМосква
_bИсскуство
_c1955
044 _aRU
650 7 _2UDC
999 _c316329
_d316329